North America capitals with a map. - Statistics

General Stats
  • This quiz has been taken 579 times
  • The average score is 16 of 23
Answers on the Map
Answers color-coded by a green-red scale on the quiz's map according to % correct below.
 
Answer Stats
Capitals % Correct
Washington
98%
Ottawa
97%
Mexico City
95%
Panama City
90%
Havana
89%
Guatemala City
86%
Kingston
80%
Kingstown
80%
San Salvador
75%
Nassau
72%
San José
71%
Port au prince
70%
Santo Domingo
64%
Port of Spain
63%
Belmopan
60%
Managua
59%
Tegucigalpa
56%
Saint Johns
51%
Saint George's
50%
Bridgetown
49%
Castries
45%
Roseau
45%
Basseterre
44%
No matching quizzes found
Score Distribution
Percent of People with Each Score
Percentile by Number Answered
Your Score History
You have not taken this quiz